Quiz logos difficiles - Statistiques

Statistiques générales
  • Ce quiz a été pris 1 949 fois
  • Le résultat moyen est 26 sur 28
Statistiques - réponses
Par images Réponse % Correct
Adidas
98%
Dominos
98%
Haribo
98%
Kfc
98%
Disney
97%
Lacoste
97%
PayPal
97%
Auchan
96%
Spotify
96%
Android
95%
Playstation
95%
Microsoft
94%
Minecraft
94%
Monopoly
94%
Tesla
94%
Vinted
94%
Chanel
93%
Skype
93%
New Balance
92%
Subway
92%
Opel
89%
Airbnb
87%
Deezer
84%
Kappa
84%
Play Store
84%
Caisse D'épargne
81%
Total
81%
Dobble
60%
Aucun quiz correspondant
Distribution des résultats
% des personnes avec chaque résultat
Percentile par nombre de réponses
Votre historique - résultats
Vous n’avez pas pris ce quiz